Statistiques concernant Les 20 préfectures les plus proches de Tarbes

Cliquez ici pour prendre le quiz!

Statistiques générales

  • Ce quiz a été pris 108 fois
  • Le résultat moyen est 16 sur 20

Statistiques - réponses

distance (en km)ville préfecture% Correct
37Pau
98%
118Toulouse
98%
187Bordeaux
92%
62Auch
89%
237Perpignan
89%
183.95Albi
87%
309.97Montpellier
87%
87Mont-de-Marsan
84%
236Rodez
84%
128Foix
82%
116Agen
81%
184.22Carcassonne
81%
135Montauban
78%
174Cahors
75%
267Aurillac
72%
264Tulle
71%
309.52Mende
67%
224Perigueux
67%
305Limoges
64%
269Angouleme
55%

Distribution des résultats

Percentile par nombre de réponses

% des personnes avec chaque résultat

Votre développement - résultats

Vous n’avez pas pris ce quiz